书目信息 |
| 题名: |
费曼物理学讲义
|
|
| 作者: | 费曼 , 莱顿 , 桑兹 著 ;郑永令 , 华宏鸣 , 吴子仪 译 | |
| 分册: | 第1卷 | |
| 出版信息: | 上海 上海科学技术出版社 2020 |
|
| 页数: | 555页 | |
| 开本: | 26cm | |
| 丛书名: | ||
| 单 册: | ||
| 中图分类: | O4 | |
| 科图分类: | ||
| 主题词: | 物理学--教材 | |
| 电子资源: | ||
| ISBN: | 978-7-5478-4717-6 | |
| 000 | 01315nam0 2200289 450 | |
| 001 | 2034047646 | |
| 005 | 20201105092737.08 | |
| 010 | @a978-7-5478-4717-6@dCNY118.00 | |
| 100 | @a20200612d2020 em y0chiy50 ea | |
| 101 | 1 | @achi@ceng |
| 102 | @aCN@b310000 | |
| 105 | @aa z 001yy | |
| 200 | 1 | @a费曼物理学讲义@9fei man wu li xue jiang yi@e新千年版@h第1卷@dThe Feynman lectures on physics@ethe new millennium edition@hVolume Ⅰ@f(美)费曼(Richard Feynman),(美)莱顿(Robert Leighton),(美)桑兹(Matthew Sands)著@g郑永令,华宏鸣,吴子仪等译@zeng |
| 210 | @a上海@c上海科学技术出版社@d2020 | |
| 215 | @a555页@c图@d26cm | |
| 330 | @a本书共52章,内容包括:原子的运动、基本物理、物理学与其他科学的关系、能量守恒、时间与距离、概率、万有引力理论、运动、牛顿的动力学定律、动量守恒、矢量、力的特性、狭义相对论、时空、二维空间中的转动等。 | |
| 510 | 1 | @aFeynman lectures on physics@ethe new millennium edition@hVolume Ⅰ@zeng |
| 606 | 0 | @a物理学@j教材 |
| 690 | @aO4@v5 | |
| 701 | 0 | @c(美)@a费曼@9fei man@c(Feynman, Richard)@4著 |
| 701 | 0 | @c(美)@a莱顿@9lai dun@c(Leighton, Robert)@4著 |
| 701 | 0 | @c(美)@a桑兹@9sang zi@c(Sands, Matthew)@4著 |
| 702 | 0 | @a郑永令@9zheng yong ling@4译 |
| 702 | 0 | @a华宏鸣@9hua hong ming@4译 |
| 702 | 0 | @a吴子仪@9wu zi yi@4译 |
| 801 | @c20201012@aCN | |
| 905 | @aZUCC@dO4@eF365 | |
| 费曼物理学讲义:新千年版.第1卷=The Feynman lectures on physics:the new millennium edition.Volume Ⅰ/(美)费曼(Richard Feynman),(美)莱顿(Robert Leighton),(美)桑兹(Matthew Sands)著/郑永令,华宏鸣,吴子仪等译.-上海:上海科学技术出版社,2020 |
| 555页:图;26cm |
| ISBN 978-7-5478-4717-6:CNY118.00 |
| 本书共52章,内容包括:原子的运动、基本物理、物理学与其他科学的关系、能量守恒、时间与距离、概率、万有引力理论、运动、牛顿的动力学定律、动量守恒、矢量、力的特性、狭义相对论、时空、二维空间中的转动等。 |
| ● |
| 相关链接 |
|
|
|
正题名:费曼物理学讲义
索取号:O4/F365
 
预约/预借
| 序号 | 登录号 | 条形码 | 馆藏地/架位号 | 状态 | 备注 |
| 1 | 1478425 | 214784250 | 自科库401/401自科库 84排1列3层/ [索取号:O4/F365] | 在馆 |